1747 1995 1419 1989 1577 1239 1450 1229 1942 1317 1931 1349 1825 1912 1574 1413 1014 1701 1779 1646 1672 1242 1517 1933 1395 1974 1046 1124 1108 1082 1266 1003 1902 1713 1394 1035 1244 1186 1750 1220 1370 1471 1516 1289 1631 1307 1866 1176 1014 1448 1248 1474 1762 1253 1780 1657 1667 1567 1724 1808 1226 1251 1426 1860 1316 1850 1791 1056 1984 1063 1784 1913 1848 1633 1335 1926 1556 1654 1603 1423 1820 1484 1596 1162 1851 1342 1946 1084 1735 1364 1158 1631 1465 1698 1797 1989 1394 1227 1013 BCNSPRNW ULIB Ver.6.0+V

เปลี่ยนเป็นภาษาไทย

Change to English
 แสดงรายละเอียดบรรณานุกรม
  กลับหน้าหลัก

Brief Record : Get Marc (ISO 2709) : E-mail record : QR code < ปิดหน้าต่าง
LEADER : 00000nam 2200000uu 4500
001    13399122907
003     ULIB
008    131029s2012||||th 000 0 eng d
020    ^a9780826117786
060 04 ^aWY128^bH746c 2012
100 1  ^aHolly, Cheryl
245 10 ^aComprehensive systematic review for advanced nursing practice /^cCheryl Holly, Susan W. Salmond, Marie K. Saimbert.
260    ^aNew York :^bSpringer Pub.,^c2012.
300    ^axxi, 336 p. :^bill. ;^c26 cm.
504    ^aIncludes bibliographical references and index
650  0 ^aNurse practitioners.
650  2 ^aAdvanced Practice Nursing
650  2 ^aReview Literature as Topic
650  2 ^aEvidence-Based Nursing^xmethods
650  2 ^aMeta-Analysis as Topic
700 1  ^aSalmond, Susan W.
700 1  ^aSaimbert, Marie K.
945    ^p70^l0^i034125
999    ^aเกษร โพธิ์สุวรรณ
รายการนี้ยังไม่มีแท็ก
คุณยังไม่ได้ล็อกอิน คุณสามารถมีกิจกรรมร่วมกับเว็บไซต์ได้ แต่ต้องล็อกอินก่อน ::
  ล็อกอิน

รายการสื่อสารสนเทศ

ลำดับที่ ประเภท เลขเรียก/บาร์โค้ด สถานที่ สถานะ
1. Book การพยาบาล
Book การพยาบาล
WY128 H746c 2012  
  Barcode: 034125
ห้องสมุดวิทยาเขตสวรรค์ประชารักษ์
►หนังสือทั่วไป
บนชั้น

รายการใกล้เคียง
    หัวเรื่อง [Nurse practitioners.]
    หัวเรื่อง [Advanced Practice Nursing]

BibComment


ยังไม่เคยถูกคอมเมนท์

คอมเมนท์ทรัพยากรรายการนี้
  คอมเมนท์: Comprehensive sy..


 Copyright 2026. Bcnsprnw @Library